书目信息 |
| 题名: |
市场营销学
|
|
| 作者: | 杨益新 主编 | |
| 分册: | ||
| 出版信息: | 北京 北京大学出版社 2006.09 |
|
| 页数: | 307页 | |
| 开本: | 23cm | |
| 丛书名: | 21世纪全国高职高专工商管理专业规划教材 | |
| 单 册: | ||
| 中图分类: | F713.50 | |
| 科图分类: | ||
| 主题词: | 市场营销学--shi chang ying xiao xue--高等教育--教材 | |
| 电子资源: | ||
| ISBN: | 7-301-10999-7 | |
| 000 | 00979nam 2200253 450 | |
| 001 | 012007647109 | |
| 005 | 20070622164718.35 | |
| 010 | @a7-301-10999-7@dCNY29.00 | |
| 100 | @a20070411d2006 km y0chiy0120 ea | |
| 101 | 0 | @achi |
| 102 | @aCN@b110000 | |
| 105 | @ay a 000yy | |
| 200 | 1 | @a市场营销学@Ashi chang ying xiao xue@f杨益新主编@Fyang yi xin zhu bian |
| 210 | @a北京@c北京大学出版社@d2006.09 | |
| 215 | @a307页@d23cm | |
| 225 | 2 | @a21世纪全国高职高专工商管理专业规划教材@A21 shi ji quan guo gao zhi gao zhuan gong shang guan li zhuan ye gui hua jiao cai |
| 320 | @a有书目。 | |
| 330 | @a本书系统介绍了现代营销学的理论知识,主要内容包括:市场营销导论、市场营销环境、消费者市场与生产者市场、市场调查与预测、市场竞争战略等 | |
| 410 | 0 | @12001 @a21世纪全国高职高专工商管理专业规划教材 |
| 606 | 0 | @a市场营销学@Ashi chang ying xiao xue@x高等教育@j教材 |
| 690 | @aF713.50@v4 | |
| 701 | 0 | @a杨益新@Ayang yi xin@4主编 |
| 801 | 0 | @aCN@c20070622 |
| 905 | @dF713.50@eY317 | |
| 市场营销学/杨益新主编.-北京:北京大学出版社,2006.09 |
| 307页;23cm.-(21世纪全国高职高专工商管理专业规划教材) |
| ISBN 7-301-10999-7:CNY29.00 |
| 本书系统介绍了现代营销学的理论知识,主要内容包括:市场营销导论、市场营销环境、消费者市场与生产者市场、市场调查与预测、市场竞争战略等 |
| ● |
| 相关链接 |
|
|
|
正题名:市场营销学
索取号:F713.50/Y317
 
预约/预借
| 序号 | 登录号 | 条形码 | 馆藏地/架位号 | 状态 | 备注 |
| 1 | 240656 | 202406565 | 社科库409/409社科库 43排7列4层/ [索取号:F713.50/Y317] | 在馆 | |
| 2 | 240657 | 202406574 | 社科库409/422社科库 36排3列2层/ [索取号:F713.50/Y317] | 在馆 | |
| 3 | 240658 | 202406583 | 社科库409/409社科库 43排7列4层/ [索取号:F713.50/Y317] | 在馆 |